000 00395nam a2200145Ia 4500
008 220217s9999||||xx |||||||||||||| ||und||
020 _a0-07-052909
082 _a621.395 GIV
100 _aGivone,Donald D
_92779
245 0 _aDigital princiles and design
250 _a6th
260 _aTata mcgraw-hill co.
_bNew Delhi
_c2006
300 _b295
650 _aDIGITAL DESIGN/LOGIC DESIGN
999 _c170990
_d170990